Eastern Utah Libraries Catalog: Duchesne, Heber, Roosevelt, & Vernal

Gone but not furgotten / (Record no. 410115)

MARC details
000 -LEADER
fixed length control field 01291aam a2200361 i 4500
001 - CONTROL NUMBER
control field 1263342051
003 - CONTROL NUMBER IDENTIFIER
control field OCoLC
005 - DATE AND TIME OF LATEST TRANSACTION
control field 20250722144624.0
007 - PHYSICAL DESCRIPTION FIXED FIELD--GENERAL INFORMATION
fixed length control field t||
008 - FIXED-LENGTH DATA ELEMENTS--GENERAL INFORMATION
fixed length control field 220411s2022 nyu e 000 1 eng d
020 ## - INTERNATIONAL STANDARD BOOK NUMBER
International Standard Book Number 1250761573
Qualifying information paperback
020 ## - INTERNATIONAL STANDARD BOOK NUMBER
International Standard Book Number 9781250761576
Qualifying information paperback
035 ## - SYSTEM CONTROL NUMBER
System control number (OCoLC)1263342051
040 ## - CATALOGING SOURCE
Original cataloging agency YDX
Language of cataloging eng
Description conventions rda
Transcribing agency YDX
Modifying agency BDX
-- UKMGB
-- JCX
092 ## - LOCALLY ASSIGNED DEWEY CALL NUMBER (OCLC)
Classification number adult fiction
Item number Conte
100 1# - MAIN ENTRY--PERSONAL NAME
Personal name Conte, Cate,
Relator term author.
Relator code aut.
9 (RLIN) 6549100
245 10 - TITLE STATEMENT
Title Gone but not furgotten /
Statement of responsibility, etc Cate Conte.
246 3# - VARYING FORM OF TITLE
Title proper/short title Gone but not forgotten.
250 ## - EDITION STATEMENT
Edition statement St. Martin's Paperbacks edition.
264 #1 - Production, Publication, Distribution, Manufacture, and Copyright Notice.
Place of production, publication, distribution, manufacture New York, New York :
Name of producer, publisher, distributor, manufacturer St. Martin's Paperbacks,
Date of production, publication, distribution, manufacture, or copyr 2022.
300 ## - PHYSICAL DESCRIPTION
Extent viii, 294 pages ;
Dimensions 18 cm.
336 ## - Content Type
Content type term text
337 ## - Media type
Media type term unmediated
338 ## - Carrier type
Carrier type term volume
490 0# - SERIES STATEMENT
Series statement Cat cafe mystery.
Volume number/sequential designation 6
520 ## - SUMMARY, ETC.
Summary, etc "Daybreak Island has a killer on the loose...and this villain isn't afraid to use claws."--Page 4 of cover.
600 10 - SUBJECT ADDED ENTRY--PERSONAL NAME
Personal name James, Maddie
Titles and other words associated with a name (Fictitious character)
Form subdivision Fiction.
9 (RLIN) 6549105
650 #0 - SUBJECT ADDED ENTRY--TOPICAL TERM
Topical term or geographic name as entry element Hoarders
Form subdivision Fiction.
9 (RLIN) 5801321
650 #0 - SUBJECT ADDED ENTRY--TOPICAL TERM
Topical term or geographic name as entry element Cats
Form subdivision Fiction.
9 (RLIN) 5674208
650 #0 - SUBJECT ADDED ENTRY--TOPICAL TERM
Topical term or geographic name as entry element Murder
General subdivision Investigation
Form subdivision Fiction.
9 (RLIN) 5673630
655 #7 - INDEX TERM--GENRE/FORM
Genre/form data or focus term Detective and mystery fiction.
Source of term lcgft.
9 (RLIN) 5683641
942 ## - ADDED ENTRY ELEMENTS (KOHA)
Source of classification or shelving scheme Dewey Decimal Classification
Koha item type BOOK
Holdings
Withdrawn status Lost status Source of classification or shelving scheme Damaged status Not for loan Collection code Home library Current library Shelving location Date acquired Source of acquisition Serial Enumeration / chronology Total Checkouts Total Renewals Full call number Barcode Date last seen Date checked out Cost, replacement price Price effective from Koha item type
    Dewey Decimal Classification     Fiction Wasatch County Library Wasatch County Library First Floor 07/22/2025 Amazon #6 Cat Cafe Mystery 2 1 F Conte 34301002162032 11/14/2025 11/06/2025 8.99 07/22/2025 BOOK
This project was made possible through a grant from the Institute of Museum and Library Service administered by the Utah State Library Division.

Wasatch County Library

  • 465 East 1200 South, Heber City, Utah 84032
  • Phone 435-654-1511 | Fax 435-654-6456

Hours

  • Monday - Friday 9:30 AM - 8:00 PM
  • Saturday 9:30 AM - 1:30 PM
  • Closed Sundays and Holidays